"SMART" zdravotnícke zariadenia - využitie moderných technológií v zdravotníctve

Budúcnosť "SMART" zdravotníckych zariadení na Slovensku. Ciele smart technológií. Príklady využitia smart technológií a navrhovanie zdravotníckych zariadení s ohľadom na technologický pokrok a s tým súvisiaci vývoj smart technológií.

Guardado en:
Detalles Bibliográficos
Autor principal: Gregor, Milan
Otros Autores: Mizeráková, Lucia, Pedan, Marko
Formato: Capítulo de libro
Lenguaje:eslovaco
Materias:
Etiquetas: Agregar Etiqueta
Sin Etiquetas, Sea el primero en etiquetar este registro!

MARC

LEADER 00000naa a2200000 4500
001 0211506
005 20231208114512.8
041 0 |a slo 
044 |a SK 
245 1 0 |a "SMART" zdravotnícke zariadenia - využitie moderných technológií v zdravotníctve  |c Milan Gregor, Lucia Mizeráková, Marko Pedan 
520 |a Budúcnosť "SMART" zdravotníckych zariadení na Slovensku. Ciele smart technológií. Príklady využitia smart technológií a navrhovanie zdravotníckych zariadení s ohľadom na technologický pokrok a s tým súvisiaci vývoj smart technológií. 
610 2 0 |a Slovensko 
610 2 0 |a zdravotníctvo 
610 2 0 |a zdravotníci 
610 2 0 |a starostlivosť zdravotná 
610 2 0 |a zariadenia zdravotnícke 
610 2 0 |a technológie nové 
610 2 0 |a pokrok technologický 
100 1 |a Gregor, Milan 
700 1 |a Mizeráková, Lucia 
700 1 |a Pedan, Marko